| 000 | 00954cam a2200289 a 4500 | ||
|---|---|---|---|
| 001 | 3430999 | ||
| 003 | OSt | ||
| 005 | 20140310181641.0 | ||
| 008 | 910206r1991 mnu j 000 1 eng | ||
| 010 | _a 91002376 | ||
| 020 | _a0886824788 | ||
| 040 |
_aDLC _cDLC _dDLC |
||
| 042 | _alcac | ||
| 050 | 0 | 0 |
_aPZ 7 _b.H87344Th 1991 |
| 082 | 0 | 0 |
_aKF _bH87t 1991 |
| 100 | 1 |
_aHughes, Langston, _d1902-1967. _96484 |
|
| 245 | 1 | 0 |
_aThank you, m'am / _cLangston Hughes. |
| 260 |
_aMankato, MN : _bCreative Education, _cc1991. |
||
| 300 |
_a30 p. ; _c22 cm. |
||
| 541 | _j1 | ||
| 562 | _eFor circulation.1 copy available in the collection | ||
| 650 | 1 |
_aStealing _vFiction. _96485 |
|
| 650 | 1 |
_aAfrican Americans _vFiction. _96486 |
|
| 906 |
_a7 _bcbc _corignew _d1 _eocip _f19 _gy-gencatlg |
||
| 942 |
_2lcc _cBK-KF _kKF |
||
| 999 |
_c813 _d813 |
||